Countries that Start with B by Flag-Shape - Statistics

General Stats
  • This quiz has been taken 38 times
  • The average score is 15 of 17
Answer Stats
Picture Answer % Correct
Belarus
97%
Brazil
97%
Bangladesh
94%
Belgium
94%
Bulgaria
94%
Benin
91%
Bosnia and Herzegovina
91%
Botswana
91%
Bolivia
88%
Bahamas
84%
Bhutan
84%
Bahrain
81%
Burundi
81%
Belize
78%
Brunei
78%
Burkina Faso
78%
Barbados
75%
No matching quizzes found
Score Distribution
Percent of People with Each Score
Percentile by Number Answered
Your Score History
You have not taken this quiz